LEADER 01386nam0 22003493i 450 001 SBL0079289 005 20231121125814.0 020 $aIT$b691503 100 $a20090618d1969 ||||0itac50 ba 101 | $aita$cita 102 $ait 181 1$6z01$ai $bxxxe 182 1$6z01$an 200 1 $aQuestione nazionale e socialismo$econtributo allo studio del pensiero di K. Renner e O. Bauer$fArduino Agnelli 210 $aBologna$cIl mulino$d1969 215 $a249 p.$d22 cm. 225 | $aSaggi$v83 410 0$1001CFI0000015$12001 $aSaggi$v83 500 10$aQuestione nazionale e socialismo$3UBO4477437$9CFIV061663$9776794 606 $aBauer, Otto$2FIR$3RMLC018106$9I 606 $aRenner, Karl$2FIR$3RMLC004484$9I 700 1$aAgnelli$b, Arduino$3CFIV061663$4070$0125662 801 3$aIT$bIT-01$c20090618 850 $aIT-RM0281 $aIT-RM1248 $aIT-FR0017 899 $aBIBLIOTECA VALLICELLIANA$bRM0281 899 $aBiblioteca Della Fondazione Pietro Nenni$bRM1248 899 $aBiblioteca umanistica Giorgio Aprea$bFR0017 912 $aSBL0079289 950 0$aBiblioteca umanistica Giorgio Aprea$d 52MAG 12/2329$e 52MAG0000053725 VMN RS $fA $h20130621$i20130621 977 $a 08$a 23$a 52 996 $aQuestione nazionale e socialismo$9776794 997 $aUNICAS